| 000 | 00000nam##2200000za#4500 |
| 001 | 9.615427 |
| 003 | CaOODSP |
| 005 | 20200514165626 |
| 007 | ta |
| 008 | 150406|2000||||xxc||||| f|0| 0 eng|d |
| 040 | |aCaOODSP|beng |
| 043 | |an-cn--- |
| 086 | 1 |aNH18-22/100-133E |
| 110 | 2 |aCanada Mortgage and Housing Corporation. |
| 245 | 10|aRenovating distinctive homes: 1½ storey post-war homes |
| 260 | |aOttawa - Ontario : |bCanada Mortgage and Housing Corporation |c2000. |
| 300 | |a2p. : |billus. ; |c28 cm. |
| 490 | 1 |aResearch highlight. Technical series |v00-133 |
| 563 | |aPamphlet |
| 590 | |a01-02|b2001-01-12 |
| 690 | 07|aHome renovations|2gcpds |
| 690 | 07|aHousing|2gcpds |
| 690 | 07|aMaintenance|2gcpds |
| 775 | 08|tLa maison réinventée: rénovation d'une maison d'après-guerre d'un étage et demi |w(CaOODSP)9.625514 |
| 776 | 0#|tRenovating distinctive homes : |w(CaOODSP)9.572284 |
| 830 | #0|aResearch highlight. Technical series ;|v00-133|w(CaOODSP)9.514826 |
| 986 | |aNHA 2266 |